01769 a2200217 45000010006000000050017000060080041000230030015000640400040000790800066001192450074001852640029002593000019002885051023003070410008013309420007013385900036013451000045013819990017014269520108014436397420260521160827.0260521a1979 arg spa dAR-UNSa-BCEJYS aAR-UNSa-BCEJYSbspacAR-UNSa-BCEJYS a378xEnseñanza superior. Universidades. Escuelas especiales10aProyectos de Educación SuperiorpPlanificación e implementación 1aMéxico :bLimusac1979 a180 p.c23 cm. a1. Fundamentos de la administración de proyectos – 2. Caracterización sistemática de la educación – 3. Planificación económica de la educación – 4. Gerencia de proyectos – 5. Elementos básicos de la administración de proyectos como sistema del sector de la educación superior – 6. Detalles del proyecto – 7. Análisis previo de los procedimientos de ejecución – 8. Organización de la ejecución – 9. Dinámica de la ejecución – 10. Metodología del control integrado de obras – 11. Ejecución – 12. Gerencia, por Diego Barañano – 13. Planificación, programación y control: plan de renovación del equipo de las universidades, por Abraao Oigman y Adolfo Leivovitch – 14. Recursos humanos, por Diego Barañano – 15. Recursos materiales, por Carlos Alberto Milone e Sinval de Olivera Filho – 16. Recursos financieros, por Claudio Salgado – 17 Información y control por Colbert Demaria Boiteux – 18. Planificación, programación y control –  aspa cBK aniveau_biblio:m niveau_hierar:01 aBanco Interamericano de Desarrollo (BID) c36452d36452 00104070aBCEJYSbBCEJYSc16d2026-05-21l0o378 B213 v.5pL39074r2026-05-21 16:08:27w2026-05-21yL